Normal view
MARC view
- Rico Galindo, Blanca
Entry Nombre Personal
001 - NUMERO DE CONTROL
- campo de control: 32314
003 - IDENTIFICADOR DE NUMERO DE CONTROL
- campo de control: UPN
005 - FECHA Y HORA DE LA ÜLTIMA TRANSACCIÓN
- campo de control: 20210219194432.0
008 - DATOS DE LONGITUD FIJA
- campo de control de longitud fija: nabaccnnaabn|||||||||| b |nc|||||d
035 ## - NUMERO DE CONTROL
- Número de control: UPN11000004421
040 ## - FUENTE DE CATALOGACIÓN
- Lenguaje de catalogación: SPA
- Agencia de transcripción: UPN
100 1# - ENCABEZAMIENTO - NOMBRE PERSONAL
- Nombre personal: Rico Galindo, Blanca
400 1# - VEÁSE - NOMBRE DE PERSONA
- Personal name: Rico, Blanca
670 ## - FUENTE EN LA QUE SE LOCALIZARON DATOS
- Cita de la fuente: T
- Información localizada: La sexualidad
680 ## - NOTA PUBLICA DE ACCESO PÚBLICO
- Frase explicativa de la referencia: Médica cirujana y maestra en ciencias biomédicas en el área de inmunología por la UNAM. Actualmente es consultora de IPAS en el proyecto denominado Incorporación de los Derechos Humanos, Sexuales y Reproductivos en los Currículos y Programas en Escuelas y Facultades de Medicina y de Enfermería de América Latina
902 ## - CATALOGADOR
- Catalogador: CAA/060812
